书目信息 |
| 题名: |
数据结构C语言描述
|
|
| 作者: | 张同珍 编著 | |
| 分册: | ||
| 出版信息: | 北京 人民邮电出版社 2021.1 |
|
| 页数: | 234页 | |
| 开本: | 26cm | |
| 丛书名: | ||
| 单 册: | ||
| 中图分类: | TP311.12 , TP312C | |
| 科图分类: | ||
| 主题词: | 数据结构--C语言--程序设计--高等学校--教材 | |
| 电子资源: | ||
| ISBN: | 978-7-115-47603-6 | |
| 000 | 00898nam0 2200253 45 | |
| 001 | 012001001152 | |
| 005 | 20140913083707.0 | |
| 010 | @a978-7-115-47603-6@dCNY45.00 | |
| 100 | @a20181107d2018 em y0chiy50 ea | |
| 101 | 0 | @achi |
| 102 | @aCN@b110000 | |
| 105 | @ay z 000yy | |
| 106 | @ar | |
| 200 | 1 | @a数据结构C语言描述@Ashu ju jie gou C yu yan miao shu@b专著@e慕课版@f张同珍编著 |
| 210 | @a北京@c人民邮电出版社@d2021.1 | |
| 215 | @a234页@d26cm | |
| 300 | @a21世纪高等教育计算机规划教材 | |
| 330 | @a本书对查找、排序进行了分析讨论,对线性结构、树结构、图结构采用了统一的讲解模式,逻辑结构+物理结构+基本操作实现+典型应用,并围绕这4个方面进行了详细讨论,条理清晰。 | |
| 606 | 0 | @a数据结构@xC语言@x程序设计@x高等学校@j教材 |
| 690 | @aTP311.12@v5 | |
| 690 | @aTP312C@v5 | |
| 701 | 0 | @a张同珍@Azhang tong zhen@4编著 |
| 801 | 0 | @aCN@bBJSDL@c20211011 |
| 905 | @b1333252-4@dTP311.12@e1727@f3 | |
| 数据结构C语言描述:慕课版/张同珍编著.-北京:人民邮电出版社,2021.1 |
| 234页;26cm |
| 21世纪高等教育计算机规划教材 |
| ISBN 978-7-115-47603-6:CNY45.00 |
| 本书对查找、排序进行了分析讨论,对线性结构、树结构、图结构采用了统一的讲解模式,逻辑结构+物理结构+基本操作实现+典型应用,并围绕这4个方面进行了详细讨论,条理清晰。 |
| ● |
| 相关链接 |
|
|
|
|
正题名:数据结构C语言描述
索取号:TP311.12/1727
 
预约/预借
| 序号 | 登录号 | 条形码 | 馆藏地/架位号 | 状态 | 备注 |
| 1 | 1333252 | 213332525 | 第二样本阅览室/ [索取号:TP311.12/1727] | 在馆 | |
| 2 | 1333253 | 213332534 | 第三借阅区/ [索取号:TP311.12/1727] | 在馆 | |
| 3 | 1333254 | 213332543 | 第三借阅区/ [索取号:TP311.12/1727] | 在馆 |